Follow that Line: Doctor Who Quiz Stats

 Plays Quiz not verified by Sporcle

Score 0/22 Timer 05:00
0 Plays Today
% Correct
Books! The best weapons in the world!
93.8%
It’s not the time that matters, it’s the person
92.5%
And we call them miracles
91.3%
In which case, always ignore coincidence
91.3%
Don't let me eat pears. I hate pears.
90.3%
Just make it a good one.
90%
We meet up every 10 years, swap stories about caves.
90%
I've never met someone who wasn't important.
90%
Good luck.
88.8%
The Doctor lies
87.5%
Otherwise nothing would ever get started.
87.5%
% Correct
Hold tight and pretend it's a plan.
87.5%
It's just quantum physics
87.1%
She cares so I don't have to.
87.1%
This is pest control
87.1%
How do you get around in those things?
83.9%
She needs three mirrors
83.9%
I am definitely a mad man with a box.
83.8%
You need a hand to hold.
82.5%
Today is not a good day to find out why I have so many.
78.8%
Well… not yet, give me time and a crayon.”
75%
Let's go and poke it with a stick
71%

You're not logged in!

Compare scores with friends on all Sporcle quizzes.
OR
Log In

Sporcle TV

Today on Sporcle TV


Watch our educational content, quiz creation guides, and fun videos on Sporcle TV.

Show Comments

Extras

Top Quizzes Today


Score Distribution

Your Account Isn't Verified!

In order to create a playlist on Sporcle, you need to verify the email address you used during registration. Go to your Sporcle Settings to finish the process.

Report this User

Report this user for behavior that violates our Community Guidelines.

Details: